|
|
|
|
| LEADER |
00000nab a2200000 a 4500 |
| 001 |
vtls010712193 |
| 003 |
SK-MaSNL |
| 005 |
20260304191659.0 |
| 008 |
250709s2001 xo |||||||||||||||||slo| |
| 035 |
|
|
|a (urnnbn)urn:nbn:sk:snk:ar-a0482d
|
| 035 |
|
|
|a (uuid)e30b0d73-26d3-4269-b072-20229209663c
|
| 035 |
|
|
|a urn:nbn:sk:snk-ab3f6d
|
| 040 |
|
|
|a SNKBUCL
|b slo
|c SNKBUCL
|e AACR2
|
| 041 |
0 |
|
|a eng
|
| 044 |
|
|
|a xo
|c SK
|
| 100 |
1 |
|
|a Boutaleb, H.
|4 aut
|9 1524419
|
| 245 |
1 |
0 |
|a SUPERSYMMETRIC TWO-STAGE INFLATION
|c H. Boutaleb, A. Chafik, A. L. Marrakchi
|
| 700 |
1 |
|
|a Chafik, A.
|4 aut
|9 1524420
|
| 700 |
1 |
|
|a Marrakchi, A. L.
|4 aut
|9 1524421
|
| 773 |
0 |
|
|t Acta Physica Slovaca : fyzikálny časopis
|g Roč. 51, č. 5 (2001), s. 289-298
|
| 850 |
|
|
|a Slovenská národná knižnica
|
| 852 |
|
|
|a Slovenská národná knižnica
|
| 958 |
|
|
|a article1
|
| 958 |
|
|
|a OND
|
| 958 |
|
|
|a EUIPO
|
| 999 |
|
|
|c 3055815
|d 3057745
|